| 000 | 00763nam a2200241 a 4500 | ||
|---|---|---|---|
| 001 | 27753 | ||
| 003 | BD-RjUL | ||
| 005 | 20211209051210.0 | ||
| 008 | 140327s1986 enkaf b 001 0 eng | ||
| 020 | _a034039420X (pbk.) : | ||
| 035 | _a(BD-RjUL)27832 | ||
| 040 |
_aDLC _cDLC _dDLC _dBD-RjUL _beng |
||
| 041 | _aeng | ||
| 082 | 0 | 0 |
_a954.9205 _219 _bMAB 1986 |
| 100 | 1 |
_aMascarenhas, Anthony, _d1928- _985192 |
|
| 245 | 1 | 0 |
_aBangladesh : _ba legacy of blood / _cAnthony Mascarenhas. |
| 260 |
_aLondon : _bHodder and Stoughton, _cc1986. |
||
| 300 |
_avi, 186 p., [8] p. of plates : _bill. ; _c24 cm. |
||
| 504 | _aIncludes bibliographies and index. | ||
| 651 | 0 |
_aBangladesh _xPolitics and government _y1971- _985193 |
|
| 942 |
_2ddc _cBK |
||
| 999 |
_c27753 _d27753 |
||